000 00736nam a22002537a 4500
003 CHAP
005 20220329141116.0
008 971014s1895 r 00010 d
010 _a62705
011 _a63677
035 _a67854
040 _cCHAP
082 _a635
_bM49
110 _aMéxico. Biblioteca Agrícola de la Secretaría de Fomento
_976868
245 _aHortalizas su cultivo y explotación
260 _aMéxico, D.F. :
_bSecretaría de Fomento,
_c1895
300 _a264 p.
590 _aBATCH-UPD
_b10
_c20130110
_lUCH01
_h1751
590 _aCONVERSION
_b10
_c20130109
_lUCH01
_h1334
650 1 4 _aHorticultura.
_956291
901 _aBK
942 _cLIBRO
949 _a635 M49
_bBC
_cBPP
_d-154057
_eBPP
_h23957
_i67854
_si
999 _c62705
_d62705